000 00384nam a2200157Ia 4500
005 20240807062421.0
008 240806s9999||||xx |||||||||||||| ||eng||
041 _aeng
082 _a891.433
_bTAIT
100 _aTagore, Ravindra Nath
245 0 _aTyag ka mulya /
_cTagore, Ravindra Nath
260 _bSanmarg Prakashan, Delhi
300 _a239p.
650 _aHindi
942 _cBK
999 _c18320
_d18320